Called & accountable : God's purpose for every believer / (Record no. 71128)
[ view plain ]
| 000 -LEADER | |
|---|---|
| fixed length control field | 01937nam a22002177a 4500 |
| 003 - CONTROL NUMBER IDENTIFIER | |
| control field | PILC |
| 005 - DATE AND TIME OF LATEST TRANSACTION | |
| control field | 20250528132436.0 |
| 008 - FIXED-LENGTH DATA ELEMENTS--GENERAL INFORMATION | |
| fixed length control field | 171019b2002 xxu||||| |||| 00| 0 eng d |
| 010 ## - LIBRARY OF CONGRESS CONTROL NUMBER | |
| LC control number | Acc#45756 |
| 020 ## - INTERNATIONAL STANDARD BOOK NUMBER | |
| International Standard Book Number | 9781563097232 |
| 040 ## - CATALOGING SOURCE | |
| Transcribing agency | Philippine Baptist Theological Seminary |
| 050 ## - LIBRARY OF CONGRESS CALL NUMBER | |
| Classification number | BV 4740 |
| Item number | B561 2002 |
| 100 ## - MAIN ENTRY--PERSONAL NAME | |
| Personal name | Blackaby, Henry T. |
| Relator term | author |
| 245 10 - TITLE STATEMENT | |
| Title | Called & accountable : God's purpose for every believer / |
| Statement of responsibility, etc. | by Henry T. Blackaby and Kerry L. Skinner |
| 264 ## - PRODUCTION, PUBLICATION, DISTRIBUTION, MANUFACTURE, AND COPYRIGHT NOTICE | |
| Place of production, publication, distribution, manufacture | Mirmingham, AL : |
| Name of producer, publisher, distributor, manufacturer | New Hope Publishers, |
| Date of production, publication, distribution, manufacture, or copyright notice | ©2002. |
| 300 ## - PHYSICAL DESCRIPTION | |
| Extent | 159 p. ; |
| Dimensions | 23 cm |
| 505 ## - FORMATTED CONTENTS NOTE | |
| Formatted contents note | Contents:<br/>1. Why does God call us?<br/>- God's Word reveals God and His ways; <br/>-Called: not for time, but eternity<br/>- Call requires character<br/>- Conformed to the image of Christ<br/>- Because He loves us<br/>- Testimony: Count Nicholas Zinzendorf<br/>2. What is a call?<br/>- Testimony: Cheryl Wolfinger<br/>- A call to relationship<br/>- The call is redemptive<br/>- A call to mission<br/>- God initiates the call<br/>- A call to obedience<br/>- Testimony: Matt and Donna<br/>3. Who are they called?<br/>- Testimony: Charles Beaty<br/>- All are called<br/>- Completeness of His call<br/>- Jesus equips the called<br/>- You are important to God!<br/>- Taking spiritual inventory<br/>- Testimony : Tillie Burgin<br/>4. How am I called?<br/>- Testimony : Harold Ray Watson<br/>- Awareness of God's call<br/>- Spiritual senses developed<br/>- You must clearly know Him<br/>- Accountability to God<br/>- You must obey Him<br/>- Testimony : Pandita Ramabai<br/>5. When am I called?<br/>- Testimony : William Wilberforce<br/>- Knowing the call<br/>- A daily walk, thoroughly rearranged<br/> - completely enabled<br/>- Necessity of functioning in the body<br/>- Full affirmation<br/>- Testimony : Mary Slessor<br/>6. How do I Live out the call?<br/>- Testimony : Beth Moore<br/>- Desire to follow the call<br/>- The activity of God<br/>- Corporate calling<br/>- Daily living<br/>- Interdependence |
| 650 ## - SUBJECT ADDED ENTRY--TOPICAL TERM | |
| Topical term or geographic name as entry element | Vocation |
| General subdivision | Christianity |
| 700 ## - ADDED ENTRY--PERSONAL NAME | |
| Personal name | Skinner, Kerry L. |
| 942 ## - ADDED ENTRY ELEMENTS (KOHA) | |
| Source of classification or shelving scheme | Dewey Decimal Classification |
| Koha item type | Circulation Books |
| Withdrawn status | Lost status | Source of classification or shelving scheme | Damaged status | Not for loan | Home library | Current library | Shelving location | Date acquired | Source of acquisition | Total Checkouts | Full call number | Barcode | Date last seen | Date last checked out | Price effective from | Koha item type |
|---|---|---|---|---|---|---|---|---|---|---|---|---|---|---|---|---|
| Dewey Decimal Classification | PBTS Library | PBTS Library | Circulation Section | 10/19/2017 | Gift | 3 | BV 4740 B561 2002 | 45756 | 03/09/2026 | 02/16/2021 | 10/19/2017 | Circulation Books |